| 000 | 00480 a2200169 4500 | ||
|---|---|---|---|
| 003 | OSt | ||
| 005 | 20250702151351.0 | ||
| 008 | 250701b |||||||| |||| 00| 0 eng d | ||
| 020 | _a9788119497331 | ||
| 040 | _coclc | ||
| 082 |
_a303 _bMIS/S |
||
| 100 |
_aMishra, J S _910595 |
||
| 245 |
_aSocial Change and Development / _cJ S Mishra |
||
| 260 |
_aJaipur: _bParadise Publishers, _c2024. |
||
| 300 | _a247 pages | ||
| 942 |
_2ddc _cBK _h303 _iMIS/S _k303 _mMIS/S |
||
| 999 |
_c44599 _d44599 |
||